Die 10 Kreise / kreisf. Städte mit der niedrig. Arbeitslosenquote NRW - Statistiken

Allgemein
  • Dieses Quiz wurde 49 mal gespielt
  • Das Durchschnittsergebnis liegt bei 5 aus 10
Antwortstatistiken
Platz Antwort % Korrekt
8 Münster
79%
1 Coesfeld
54%
6 Steinfurt
54%
3 Borken
49%
7 Gütersloh
49%
4 Höxter
49%
2 Olpe
49%
10 Lippe
44%
5 Hochsauerlandkreis
41%
9 Oberbergischer Kreis
26%
Keine übereinstimmenden Quizze gefunden
Verteilung der Resultate
Anzahl Personen mit jedem Resultat
Perzentil nach korrekt beantworteten Fragen
Ihre Resultats-Entwicklung
Sie haben dieses Quiz noch nicht gespielt